Historia de la monja alférez (Record no. 59891)
[ view plain ]
| 000 -LEADER | |
|---|---|
| campo de control de longitud fija | 00567nam a2200169 i 4500 |
| 001 - NÚMERO DE CONTROL | |
| campo de control | 59891 |
| 003 - IDENTIFICADOR DE NÚMERO DE CONTROL | |
| campo de control | ES-MaACL |
| 005 - FECHA Y HORA DE LA ÚLTIMA TRANSACCIÓN | |
| campo de control | 20230906164121.0 |
| 007 - CAMPO FIJO DE DESCRIPCIÓN FÍSICA--INFORMACIÓN GENERAL | |
| campo de control de longitud fija | t| |
| 008 - DATOS DE LONGITUD FIJA--INFORMACIÓN GENERAL | |
| campo de control de longitud fija | 031031m19401950sp ||||1| spa d |
| 100 1# - ENTRADA PRINCIPAL--NOMBRE DE PERSONA | |
| Nombre de persona | Erauso, Catalina de. |
| 9 (RLIN) | 47355 |
| 245 10 - MENCIÓN DEL TÍTULO | |
| Título | Historia de la monja alférez |
| Resto del título | : (Doña Catalina de Erauso Pérez de Galarraga) / |
| Mención de responsabilidad, etc. | escrita por ella misma con notas de Ferrer. |
| 260 ## - PUBLICACIÓN, DISTRIBUCIÓN, ETC. | |
| Lugar de publicación, distribución, etc. | Zarauz : |
| Nombre del editor, distribuidor, etc. | Itxaropena, |
| Fecha de publicación, distribución, etc. | 1940-1950. |
| 300 ## - DESCRIPCIÓN FÍSICA | |
| Extensión | 126 p., 3 lám. ; |
| Dimensiones | 20 cm. |
| 700 1# - ENTRADA AGREGADA--NOMBRE PERSONAL | |
| Nombre de persona | Ferrer, Joaquín María. |
| 9 (RLIN) | 50423 |
| 852 ## - LOCALIZACIÓN | |
| Ubicación | ES-MaACL |
| Número de control de estantería | C-19064 |
| Sublocalización o colección | R.44913 |
| Estatus retirado | Estado de pérdida | Estado de daño | No para préstamo | Biblioteca de origen | Biblioteca actual | Ubicación en estantería | Fecha de adquisición | Fuente de adquisición | Total de préstamos | Signatura topográfica completa | Código de barras | Visto por última vez | Precio de reemplazo | Tipo de ítem Koha |
|---|---|---|---|---|---|---|---|---|---|---|---|---|---|---|
| Biblioteca del Ateneo de Madrid | Biblioteca del Ateneo de Madrid | Galería | 17/01/2008 | C-19064 | 1062813 | 23/02/2023 | 23/02/2023 | Libro impreso |
